Largest European Cities with Exceptions - Statistics

General Stats
  • This quiz has been taken 118 times
    78 since last reset
  • The average score is 63 of 71
Answer Stats
Rank Population Country City % Correct
5 3,169 k Greece Athens
100%
3 3,575 k Germany Berlin
100%
1 14,645 k Turkey Istanbul
100%
2 8,870 k United Kingdom London
100%
4 3,183 k Spain Madrid
100%
14 1,621 k Spain Barcelona
99%
22 1,141 k United Kingdom Birmingham
99%
20 1,192 k Belgium Brussels
99%
10 1,883 k Romania Bucharest
99%
13 1,753 k Hungary Budapest
99%
17 1,296 k Denmark Copenhagen
99%
11 1,810 k Germany Hamburg
99%
39 643 k Finland Helsinki
99%
27 862 k France Marseille
99%
16 1,352 k Italy Milan
99%
15 1,464 k Germany Munich
99%
24 970 k Italy Naples
99%
7 2,206 k France Paris
99%
18 1,281 k Czech Republic Prague
99%
6 2,873 k Italy Rome
99%
25 950 k Sweden Stockholm
99%
9 1,889 k Austria Vienna
99%
12 1,754 k Poland Warsaw
99%
28 856 k Netherlands Amsterdam
97%
8 1,982 k Belarus Minsk
97%
37 673 k Norway Oslo
97%
41 639 k Netherlands Rotterdam
97%
19 1,236 k Bulgaria Sofia
97%
21 1,167 k Serbia Belgrade
96%
23 1,076 k Germany Cologne
96%
55 553 k Ireland Dublin
96%
32 736 k Germany Frankfurt am Main
96%
45 612 k United Kingdom Glasgow
96%
31 765 k Poland Kraków
96%
49 572 k United Kingdom Liverpool
96%
40 641 k Latvia Riga
96%
71 500 k United Kingdom Leeds
95%
69 505 k Macedonia Skopje
95%
29 807 k Greece Thessaloniki
95%
30 788 k Spain Valencia
95%
35 688 k Croatia Zagreb
95%
63 533 k Moldova Chisinau
93%
57 549 k United Kingdom Manchester
93%
26 887 k Italy Turin
93%
61 537 k Lithuania Vilnius
93%
67 513 k France Lyon
91%
34 689 k Spain Seville
91%
44 613 k Germany Düsseldorf
89%
54 564 k Sweden Gothenburg
88%
56 553 k Portugal Lisbon
88%
36 674 k Italy Palermo
88%
43 628 k Germany Stuttgart
88%
66 520 k Belgium Antwerp
86%
58 547 k Germany Dresden
82%
51 569 k Spain Málaga
80%
68 512 k Germany Nuremberg
78%
59 542 k United Kingdom Sheffield
78%
48 583 k Germany Essen
77%
47 584 k Italy Genoa
77%
50 571 k Germany Leipzig
74%
38 665 k Spain Zaragoza
74%
33 697 k Poland Łódź
73%
64 533 k Germany Hanover
70%
52 567 k United Kingdom Bristol
69%
46 586 k Germany Dortmund
68%
65 532 k Netherlands The Hague
68%
42 638 k Poland Wrocław
65%
53 565 k Germany Bremen
64%
60 540 k Poland Poznań
58%
62 536 k Belarus Gomel
50%
70 500 k Germany Duisburg
38%
No matching quizzes found
Score Distribution
Percent of People with Each Score
Percentile by Number Answered
Your Score History
You have not taken this quiz since the last reset